Chris Ofili / (Record no. 1309)

MARC details
000 -LEADER
campo de control de longitud fija 01032nam a22002417a 4500
008 - DATOS DE LONGITUD FIJA--INFORMACIÓN GENERAL
campo de control de longitud fija 171004s2010 enk||||| |||| 00| 0 eng d
020 ## - NÚMERO INTERNACIONAL ESTÁNDAR DEL LIBRO
Número Internacional Estándar del Libro 9781854378705
082 04 - NÚMERO DE LA CLASIFICACIÓN DECIMAL DEWEY
Número de clasificación 759.273.3
Número de ítem O329c
100 1# - ENTRADA PRINCIPAL--NOMBRE DE PERSONA
Nombre de persona Nesbitt, Judith.
9 (RLIN) 6018
245 10 - MENCIÓN DEL TÍTULO
Título Chris Ofili /
Mención de responsabilidad, etc. editado por Judith Nesbitt ; Tate Britain.
250 ## - MENCION DE EDICION
Mención de edición 1a edición.
260 ## - PUBLICACIÓN, DISTRIBUCIÓN, ETC.
Lugar de publicación, distribución, etc. Londres :
Nombre del editor, distribuidor, etc. Tate Trustees,
Fecha de publicación, distribución, etc. 2010.
300 ## - DESCRIPCIÓN FÍSICA
Extensión 176 páginas :
Otras características físicas ilustraciones en color.
500 ## - NOTA GENERAL
Nota general Catálogo publicado con motivo a la exposición "Chris Ofili", presentada del 27 de enero al 16 de mayo 2010, en Tate Britain.
505 0# - NOTA DE CONTENIDO CON FORMATO
Título Beginnings
Mención de responsabilidad Judith Nesbitt.
Título The vexation and pleasures of colour: Chris Ofili's 'Afromuses' and the dialectic of painting
Mención de responsabilidad Okwui Enwezor.
Título Ekow Eshun interviews Chris Ofili
Mención de responsabilidad Helen Little.
Título The healer
Mención de responsabilidad Attillah Springer.
653 10 - TÉRMINO DE INDIZACIÓN--NO CONTROLADO
Término no controlado Arte contemporáneo
653 10 - TÉRMINO DE INDIZACIÓN--NO CONTROLADO
Término no controlado Catálogo de exhibición
653 10 - TÉRMINO DE INDIZACIÓN--NO CONTROLADO
Término no controlado Exhibiciones
653 10 - TÉRMINO DE INDIZACIÓN--NO CONTROLADO
Término no controlado Pintura
653 10 - TÉRMINO DE INDIZACIÓN--NO CONTROLADO
Término no controlado Arte - Inglaterra
653 10 - TÉRMINO DE INDIZACIÓN--NO CONTROLADO
Término no controlado Artes gráficas
710 1# - ENTRADA AGREGADA--NOMBRE DE ENTIDAD CORPORATIVA
Nombre de entidad corporativa o nombre de jurisdicción como elemento de entrada Tate Britain.
9 (RLIN) 6019
Holdings
Estatus retirado Estado de pérdida Fuente del sistema de clasificación o colocación Estado de daño No para préstamo Biblioteca de origen Biblioteca actual Ubicación en estantería Fecha de adquisición Total de préstamos Signatura topográfica completa Código de barras Visto por última vez Precio de reemplazo Tipo de ítem Koha
    Clasificación Decimal Dewey     Biblioteca LadoV Biblioteca LadoV   04/10/2017   759.273.3 O329c 000904 04/10/2017 04/10/2017 Material 01